000 00401nam a2200181Ia 4500
001 2725
005 20260306144828.0
008 260306t2019||||xx |||||||||||||| ||spa||
041 _aESP
082 _a219
_bT79
100 _aTrese, Leo J.
_eAUT
245 0 _aLa fe explicada
260 _c2019
300 _a632 páginas :
_c19 cm.
650 _aGEN
654 _aCHU
942 _cLIB
_dJUS
_fJUS
_2ddc
_n
999 _c2725
_d2725